[Event "Mondiale Semilampo FIDE 2024"]
[Site "New York"]
[Date "26.12.2024"]
[Round "2.62"]
[White "Zhalmakhanov, Ramazan"]
[Black "Chanda, Sandipan"]
[Result "1-0"]
[WhiteTitle "GM"]
[BlackTitle "GM"]
[WhiteElo "2486"]
[BlackElo "2480"]
[WhiteFideId "13706357"]
[BlackFideId "5004225"]
[EventDate "26.12.2024"]

1. e4 c5 2. Nf3 d6 3. Nc3 Nf6 4. d4 cxd4 5. Nxd4 a6 6. Be3 e6 7. g4 e5 8. Nf5 g6
9. g5 gxf5 10. exf5 d5 11. Qf3 Ne4 12. Nxe4 dxe4 13. Qxe4 Nc6 14. Bc4 Qd7 15.
Bd3 Qc7 16. O-O-O Bd7 17. Bc4 O-O-O 18. Bxf7 Nb4 19. a3 Nxc2 20. Qxc2 Qxc2+ 21.
Kxc2 Bxf5+ 22. Kb3 Be7 23. h4 Rhf8 24. Rxd8+ Bxd8 25. Bd5 Bc7 26. h5 b5 27. Rg1
Rd8 28. Bf7 Rd7 29. g6 hxg6 30. hxg6 Rxf7 31. gxf7 Be6+ 32. Kb4 Bxf7 33. Rg7 Bd5
34. Kc5 Be4 35. Bg5 Bf3 36. Be7 e4 37. Bd6 Bd8 38. Be5 Bh4 39. Bd4 Bd8 40. Kd6
Bh4 41. Rf7 Bg5 42. Be3 Bh4 43. Kc6 Kd8 44. Kb6 1-0

[Event "Mondiale Semilampo FIDE 2024"]
[Site "New York"]
[Date "26.12.2024"]
[Round "2.63"]
[White "Saraci, Nderim"]
[Black "Shimanov, Aleksandr"]
[Result "0-1"]
[WhiteTitle "IM"]
[BlackTitle "GM"]
[WhiteElo "2431"]
[BlackElo "2593"]
[WhiteFideId "6351921"]
[BlackFideId "4198603"]
[EventDate "26.12.2024"]

1. d4 d5 2. Nf3 Nf6 3. Bf4 c5 4. e3 Qb6 5. Nc3 c4 6. Rb1 e6 7. a3 Bd6 8. Bg3 O-O
9. Be2 a6 10. O-O Bxg3 11. hxg3 Nc6 12. Ne5 Ne7 13. b3 cxb3 14. cxb3 Qd6 15. b4
Bd7 16. Qb3 h5 17. b5 a5 18. Na4 b6 19. Nxd7 Nxd7 20. Bxh5 g6 21. Bf3 Kg7 22. g4
Rh8 23. g3 e5 24. Kg2 e4 25. Be2 Nf6 26. Rh1 Qe6 27. Rxh8 Rxh8 28. Rh1 Rc8 29.
Qb2 Nxg4 30. Nxb6 Nxe3+ 31. fxe3 Qxb6 32. g4 f5 33. Rc1 Rh8 34. Qc3 Qf6 35. Rh1
Rc8 36. Qd2 fxg4 37. Rc1 Rh8 38. Qe1 Rh4 39. Qg3 Nf5 40. Rc7+ Kh6 41. Qf4+ g5
42. Qe5 Nxe3+ 43. Kg1 Qxe5 44. dxe5 g3 45. Rc8 Kg6 46. Rc1 d4 47. b6 Rh7 48. Rc7
Rh8 49. b7 g2 50. Kf2 Rf8+ 0-1

[Event "Mondiale Semilampo FIDE 2024"]
[Site "New York"]
[Date "26.12.2024"]
[Round "2.64"]
[White "Hovhannisyan, Robert"]
[Black "Blohberger, Felix"]
[Result "1/2-1/2"]
[WhiteTitle "GM"]
[BlackTitle "GM"]
[WhiteElo "2626"]
[BlackElo "2534"]
[WhiteFideId "13302507"]
[BlackFideId "1632051"]
[EventDate "26.12.2024"]

1. e4 e5 2. Nf3 Nc6 3. Nc3 Nf6 4. Bb5 Bb4 5. a3 Bxc3 6. dxc3 d6 7. Qe2 h6 8. Bd3
Qe7 9. Be3 Nd8 10. Nd2 Ng4 11. Nf1 Nxe3 12. Nxe3 Ne6 13. O-O-O Nf4 14. Qd2 Nxd3+
15. Qxd3 Bd7 16. Nd5 Qd8 17. b3 Bc6 18. Kb2 O-O 19. h4 Qd7 20. Ne3 Qe6 21. g4 g6
22. Rhg1 Kh7 23. Nd5 Bxd5 24. exd5 Qe7 25. h5 Qg5 26. Rg3 a6 27. Rh1 Kg7 28.
Rgh3 Rae8 29. a4 Re7 30. a5 Rh8 31. Re3 Rhe8 32. Qe2 e4 33. Reh3 Rh8 34. Qc4
Qxg4 35. Qd4+ Re5 36. hxg6 fxg6 37. Rh4 Qf5 38. Re1 Qf6 39. Rexe4 Rxe4 40. Qxe4
Rf8 41. Rg4 h5 42. Rg1 Rf7 43. f4 Qf5 44. Qd4+ Kh7 45. Rf1 g5 46. Qa7 Qxd5 47.
Qb8 gxf4 48. Re1 f3 49. Re8 f2 50. Rh8+ Kg6 51. Qg8+ Kf6 52. Qd8+ Kg6 53. Qg8+
Kf6 54. Qd8+ Kg6 55. Qg8+ 1/2-1/2

[Event "Mondiale Semilampo FIDE 2024"]
[Site "New York"]
[Date "26.12.2024"]
[Round "2.65"]
[White "Suleymenov, Alisher"]
[Black "Bezold, Michael"]
[Result "1-0"]
[WhiteTitle "GM"]
[BlackTitle "GM"]
[WhiteElo "2500"]
[BlackElo "2469"]
[WhiteFideId "13707833"]
[BlackFideId "4601718"]
[EventDate "26.12.2024"]

1. d4 d6 2. Nf3 Bg4 3. c4 Nd7 4. g3 e5 5. Bg2 Ngf6 6. O-O Be7 7. Nh4 c6 8. h3
Bh5 9. Nf5 O-O 10. Nc3 Re8 11. d5 Qc7 12. dxc6 bxc6 13. Nb5 cxb5 14. Bxa8 bxc4
15. Bg2 h6 16. b3 d5 17. g4 Bg6 18. Nxe7+ Rxe7 19. Bxd5 Nxd5 20. Qxd5 Nb6 21.
Qf3 c3 22. Ba3 Re6 23. Rac1 c2 24. e4 Rc6 25. Qe2 Nd7 26. f3 Qa5 27. Bb2 Qxa2
28. Rxc2 Re6 29. Qb5 1-0

[Event "Mondiale Semilampo FIDE 2024"]
[Site "New York"]
[Date "26.12.2024"]
[Round "2.66"]
[White "Bu, Xiangzhi"]
[Black "Urazayev, Arystanbek"]
[Result "1-0"]
[WhiteTitle "GM"]
[BlackTitle "IM"]
[WhiteElo "2684"]
[BlackElo "2470"]
[WhiteFideId "8601445"]
[BlackFideId "13709810"]
[EventDate "26.12.2024"]

1. d4 d5 2. Nf3 e6 3. Bf4 c5 4. c3 Nf6 5. e3 Nc6 6. Nbd2 Nh5 7. Be5 f6 8. Bg3 g6
9. Bd3 cxd4 10. cxd4 Be7 11. O-O Nxg3 12. hxg3 O-O 13. Rc1 Kg7 14. Qe2 Qd6 15.
e4 Bd7 16. a3 Rac8 17. Rfe1 Rfe8 18. e5 fxe5 19. dxe5 Qc7 20. b4 Qb6 21. Nb3 a5
22. b5 Nd8 23. Rxc8 Bxc8 24. a4 Nf7 25. Nfd4 Bd7 26. Qe3 Qc7 27. b6 Qb8 28. Bb5
Bxb5 29. Nxb5 Bb4 30. Re2 Qc8 31. Nc7 Re7 32. Nc5 Bxc5 33. Qxc5 Qd7 34. Qxa5 Qc6
35. Qb4 Rxc7 36. bxc7 Qxc7 37. Qf4 Kg8 38. Re1 Qd7 39. Rb1 d4 40. a5 Qd5 41. a6
bxa6 42. Rb8+ Kg7 43. Qf6+ Kh6 44. Qxf7 1-0

[Event "Mondiale Semilampo FIDE 2024"]
[Site "New York"]
[Date "26.12.2024"]
[Round "2.67"]
[White "Makoto, Rodwell"]
[Black "Rakhmanov, Aleksandr"]
[Result "0-1"]
[WhiteTitle "IM"]
[BlackTitle "GM"]
[WhiteElo "2334"]
[BlackElo "2585"]
[WhiteFideId "11000120"]
[BlackFideId "4173708"]
[EventDate "26.12.2024"]

1. Nf3 Nf6 2. c4 d6 3. d4 g6 4. g3 Bg7 5. Bg2 c6 6. Nc3 Bf5 7. Nh4 Be6 8. d5
cxd5 9. cxd5 Bd7 10. O-O O-O 11. Be3 Na6 12. Bd4 Qa5 13. a3 Rfc8 14. b4 Qd8 15.
Nf3 Nc7 16. Qd3 Qe8 17. a4 b5 18. a5 Na6 19. Rab1 Rc4 20. e4 Nxb4 21. Qd2 Rac8
22. e5 Nfxd5 23. Nxd5 Nxd5 24. exd6 Bxd4 25. Nxd4 Nc3 26. Rbe1 e5 27. Ne2 b4 28.
Nf4 Rd4 29. Qxd4 exd4 30. Rxe8+ Rxe8 31. Nd5 Nxd5 32. Bxd5 Re5 33. Bb3 Rxa5 34.
Rd1 Ra3 35. Bc4 a5 36. Rxd4 b3 37. Rd2 a4 38. f4 Ra1+ 39. Kf2 Rc1 40. Bd5 Rc3
41. Ke2 a3 0-1

[Event "Mondiale Semilampo FIDE 2024"]
[Site "New York"]
[Date "26.12.2024"]
[Round "2.68"]
[White "Hong, Andrew"]
[Black "Sardana, Rishi"]
[Result "1-0"]
[WhiteTitle "GM"]
[BlackTitle "IM"]
[WhiteElo "2572"]
[BlackElo "2466"]
[WhiteFideId "2099438"]
[BlackFideId "25004301"]
[EventDate "26.12.2024"]

1. d4 Nf6 2. Nc3 d5 3. Bf4 c5 4. e4 Nxe4 5. Nxe4 dxe4 6. dxc5 Qa5+ 7. c3 Qxc5 8.
Qa4+ Nc6 9. Qxe4 Bf5 10. Qa4 O-O-O 11. Bb5 Bc2 12. Qxc2 Qxb5 13. Nf3 Qc4 14. Be3
Nb4 15. Qe2 Nd3+ 16. Kf1 Nxb2 17. Ne5 Qe6 18. Nxf7 Qxf7 19. Qxb2 Qc4+ 20. Qe2
Rd3 21. Bd4 e5 22. Qg4+ 1-0

[Event "Mondiale Semilampo FIDE 2024"]
[Site "New York"]
[Date "26.12.2024"]
[Round "2.69"]
[White "Gan-Erdene, Sugar"]
[Black "Kevlishvili, Robby"]
[Result "1-0"]
[WhiteTitle "IM"]
[BlackTitle "GM"]
[WhiteElo "2437"]
[BlackElo "2556"]
[WhiteFideId "4902980"]
[BlackFideId "1040634"]
[EventDate "26.12.2024"]

1. e4 e5 2. Nf3 Nc6 3. Bb5 a6 4. Ba4 Nf6 5. O-O Be7 6. d3 d6 7. c3 O-O 8. Bc2
Re8 9. Re1 Bf8 10. Nbd2 g6 11. Nf1 Bg7 12. Ng3 b5 13. a4 b4 14. a5 Rb8 15. Bd2
Bd7 16. Bb3 bxc3 17. Bxc3 Na7 18. Bc4 Nb5 19. Bd2 c5 20. h3 Be6 21. b4 cxb4 22.
Bxb4 d5 23. Ba2 d4 24. Bxe6 Rxe6 25. Rc1 Bf8 26. Bxf8 Qxf8 27. Ne2 Ne8 28. Nd2
Ned6 29. Rf1 Rc8 30. Qb3 Ree8 31. f4 exf4 32. Rxc8 Rxc8 33. Nxf4 Nc3 34. Nf3
Ndb5 35. Ne5 Nd6 36. Qb6 Qe7 37. Nc6 Qc7 38. Qxc7 Rxc7 39. Nxd4 Rc5 40. Ra1 Nb7
41. Ra3 Nxa5 42. Kf2 Nc6 43. Nxc6 Rxc6 44. Ke3 Nb5 45. Ra5 Kg7 46. Nd5 Rc2 47.
g3 Rg2 48. Kf3 Rh2 49. Rxa6 Nd4+ 50. Ke3 Nc2+ 51. Kf4 Rf2+ 52. Ke5 Rf3 53. d4
Rxg3 54. Ra2 Ne1 55. Nc7 Nf3+ 56. Kf4 Rxh3 57. d5 h5 58. d6 Nd4 59. d7 Rf3+ 60.
Ke5 Rd3 61. Nd5 Ne6 62. Ra6 Nd8 63. Ra8 Ne6 64. Re8 Nd4 65. Kd6 1-0

[Event "Mondiale Semilampo FIDE 2024"]
[Site "New York"]
[Date "26.12.2024"]
[Round "2.70"]
[White "Oro, Faustino"]
[Black "Bjerre, Jonas Buhl"]
[Result "0-1"]
[WhiteTitle "IM"]
[BlackTitle "GM"]
[WhiteElo "2433"]
[BlackElo "2642"]
[WhiteFideId "20000197"]
[BlackFideId "1444948"]
[EventDate "26.12.2024"]

1. e4 e5 2. Bc4 Nf6 3. d3 c6 4. Nf3 d5 5. Bb3 Bd6 6. O-O dxe4 7. Ng5 O-O 8. Nxe4
Nxe4 9. dxe4 Na6 10. c3 Nc5 11. Bc2 a5 12. a4 b6 13. Qf3 Qh4 14. h3 Be6 15. Nd2
Rfd8 16. Qe2 Bc7 17. Nf3 Qe7 18. Bg5 f6 19. Be3 Qf7 20. Nd2 Nb7 21. Rfd1 Nd6 22.
Bd3 Rdb8 23. Rdb1 b5 24. axb5 cxb5 25. b4 axb4 26. cxb4 Nc4 27. Bc5 Rd8 28. Nf1
Qd7 29. Bc2 Qc6 30. Bb3 Bd6 31. Bxd6 Qxd6 32. Qe1 Qd3 33. Bd1 Qd4 34. Bg4 Bf7
35. Rd1 Qb6 36. Qc3 h5 37. Be2 Rac8 38. Qg3 Rd4 39. Bf3 Rcd8 40. Re1 Rd3 41. Qh4
g6 42. Qg3 Kh7 43. h4 R8d4 44. Ra8 Nd6 45. Qh3 f5 46. Ne3 Nxe4 47. Rea1 Qf6 48.
R1a6 Nd6 49. R6a7 f4 50. Nc2 Rc4 51. Na3 Rc1+ 52. Kh2 e4 53. Rf8 exf3 54. gxf3
Rdd1 0-1

[Event "Mondiale Semilampo FIDE 2024"]
[Site "New York"]
[Date "26.12.2024"]
[Round "2.71"]
[White "Corrales Jimenez, Fidel"]
[Black "Thavandiran, Shiyam"]
[Result "1-0"]
[WhiteTitle "GM"]
[BlackTitle "IM"]
[WhiteElo "2555"]
[BlackElo "2410"]
[WhiteFideId "3506690"]
[BlackFideId "2605058"]
[EventDate "26.12.2024"]

1. d4 e6 2. c4 Nf6 3. Nf3 a6 4. Nc3 d5 5. cxd5 exd5 6. Bg5 Be6 7. Qb3 Nbd7 8. e3
Rb8 9. Be2 h6 10. Bf4 g5 11. Bg3 Nh5 12. Rc1 Nxg3 13. hxg3 Bg7 14. Bd3 O-O 15.
Bb1 f5 16. Qc2 Rf7 17. Ne2 c6 18. Ne5 Nxe5 19. dxe5 Bxe5 20. Rxh6 Qe7 21. f4
gxf4 22. gxf4 Bg7 23. Rh3 d4 24. exd4 Bd5 25. Qd2 Bxg2 26. Rh2 Bf3 27. Rc3 Bxe2
28. Rxe2 Qh4+ 29. Kd1 Rd8 30. Rd3 Rfd7 31. Rg2 c5 32. Kc2 Rxd4 33. Rxd4 Rxd4 34.
Qe2 Re4 35. Qd3 Qxf4 36. a3 Rc4+ 37. Kb3 Rd4 38. Qe2 Rd8 39. Rxg7+ Kxg7 40. Qe7+
Kh6 41. Qxd8 Qe3+ 42. Ka2 f4 43. Qh4+ Kg7 44. Qg5+ Kf7 45. Qf5+ Ke7 46. Qh7+ Kf6
47. Qxb7 f3 48. Qxa6+ Ke5 49. Qd3 Qf4 50. Qc3+ Kd5 51. Qd3+ Ke5 52. Qb5 Qd4 53.
Qb8+ Ke6 54. Qg8+ Ke7 55. Qg5+ Ke6 56. Qf5+ 1-0

[Event "Mondiale Semilampo FIDE 2024"]
[Site "New York"]
[Date "26.12.2024"]
[Round "2.72"]
[White "Gretarsson, Helgi Ass"]
[Black "Harsha, Bharathakoti"]
[Result "0-1"]
[WhiteTitle "GM"]
[BlackTitle "GM"]
[WhiteElo "2418"]
[BlackElo "2531"]
[WhiteFideId "2300699"]
[BlackFideId "5078776"]
[EventDate "26.12.2024"]

1. d4 Nf6 2. c4 e6 3. Nf3 h6 4. Nc3 Bb4 5. Bd2 c5 6. Rc1 b6 7. a3 Bxc3 8. Bxc3
Ne4 9. e3 Bb7 10. Be2 O-O 11. O-O d6 12. Be1 Nd7 13. Nd2 Nef6 14. Nb1 Rc8 15.
dxc5 dxc5 16. f3 Qe7 17. Bg3 Rfd8 18. Qc2 Nh5 19. Bf2 Qg5 20. Rfd1 f5 21. Nc3
Ne5 22. Kf1 Rf8 23. Nb5 Ng4 24. fxg4 fxg4 25. Bd3 g3 26. hxg3 Qxg3 27. Ke1 Qxg2
28. Qe2 Ng3 29. Qc2 Qh1+ 0-1

[Event "Mondiale Semilampo FIDE 2024"]
[Site "New York"]
[Date "26.12.2024"]
[Round "2.73"]
[White "Hakobyan, Aram"]
[Black "Damjanovic, Vuk"]
[Result "1-0"]
[WhiteTitle "GM"]
[BlackTitle "IM"]
[WhiteElo "2625"]
[BlackElo "2368"]
[WhiteFideId "13306677"]
[BlackFideId "980021"]
[EventDate "26.12.2024"]

1. d4 d6 2. Nf3 Nf6 3. c4 g6 4. Nc3 Bg7 5. Bg5 O-O 6. e3 Bf5 7. Bd3 Bxd3 8. Qxd3
Nbd7 9. O-O h6 10. Bh4 a5 11. Rfd1 g5 12. Bg3 Nh5 13. Rac1 e6 14. a3 Qe7 15. b4
axb4 16. axb4 Rfc8 17. b5 b6 18. Ra1 f5 19. Qe2 Qe8 20. Ra6 Rxa6 21. bxa6 Ra8
22. Ra1 Nxg3 23. hxg3 Qc8 24. Qa2 c6 25. a7 Qb7 26. Ne1 f4 27. gxf4 gxf4 28. Qa6
Qc7 29. Qa4 fxe3 30. fxe3 d5 31. Nf3 Qb7 32. Qa2 b5 33. cxb5 cxb5 34. Qa6 Qxa6
35. Rxa6 b4 36. Nb5 b3 37. Nc7 b2 38. Nd2 1-0

[Event "Mondiale Semilampo FIDE 2024"]
[Site "New York"]
[Date "26.12.2024"]
[Round "2.74"]
[White "Andersen, Mads"]
[Black "Can, Isik"]
[Result "0-1"]
[WhiteTitle "GM"]
[BlackTitle "IM"]
[WhiteElo "2592"]
[BlackElo "2499"]
[WhiteFideId "1413864"]
[BlackFideId "6383742"]
[EventDate "26.12.2024"]

1. Nf3 d5 2. g3 g6 3. Bg2 Bg7 4. d4 Nf6 5. O-O O-O 6. c4 c6 7. Qb3 Qb6 8. Nc3
dxc4 9. Qxc4 Be6 10. Qa4 Na6 11. Rd1 Rad8 12. h3 c5 13. dxc5 Nxc5 14. Qa3 Nd5
15. Rxd5 Rxd5 16. Nxd5 Bxd5 17. Ne1 Bxg2 18. Kxg2 Rd8 19. Nd3 Nxd3 20. exd3 Qc6+
21. Kg1 Bd4 22. Bf4 e5 23. Rc1 Qf3 24. Qe7 Rf8 25. Bxe5 Qxf2+ 26. Kh1 Qf3+ 27.
Kh2 Qe2+ 0-1

[Event "Mondiale Semilampo FIDE 2024"]
[Site "New York"]
[Date "26.12.2024"]
[Round "2.75"]
[White "Rosen, Eric"]
[Black "Erenburg, Sergey"]
[Result "1-0"]
[WhiteTitle "IM"]
[BlackTitle "GM"]
[WhiteElo "2377"]
[BlackElo "2510"]
[WhiteFideId "2032562"]
[BlackFideId "2805642"]
[EventDate "26.12.2024"]

1. d4 d5 2. Bf4 Nf6 3. Nf3 c5 4. e3 Nc6 5. Nbd2 cxd4 6. exd4 Bg4 7. c3 e6 8. Be2
Be7 9. h3 Bh5 10. O-O O-O 11. Re1 a6 12. a4 Rc8 13. b4 Bd6 14. Bxd6 Qxd6 15. a5
Na7 16. Rc1 Bxf3 17. Bxf3 Nb5 18. Re3 Rc7 19. Nb3 Rfc8 20. Nc5 Qd8 21. Be2 Nd6
22. Bd3 Nd7 23. Qg4 Ne8 24. Rce1 Nef6 25. Qh4 Nxc5 26. bxc5 Rd7 27. Rf3 h6 28.
g4 Nh7 29. Qxd8+ Rcxd8 30. Rfe3 Nf6 31. Rb1 Rc7 32. Re2 Rdd7 33. Rb6 g5 34. f3
Kg7 35. Reb2 Ng8 36. Bc2 Re7 37. Ba4 Nf6 38. Kf2 e5 39. Rd6 exd4 40. cxd4 Re6
41. Rbb6 Rce7 42. Rxe6 fxe6 43. c6 bxc6 44. Rxa6 Rb7 45. Rb6 Rxb6 46. axb6 Nd7
47. b7 Nb8 48. Ke3 Kf7 49. f4 Ke7 50. h4 gxh4 51. g5 hxg5 52. fxg5 Kd6 53. g6
Ke7 54. Kf4 Kf6 55. Bc2 Nd7 56. Kg4 e5 57. Bf5 h3 58. Bxd7 h2 59. b8=Q h1=Q 60.
Qf8+ 1-0

[Event "Mondiale Semilampo FIDE 2024"]
[Site "New York"]
[Date "26.12.2024"]
[Round "2.76"]
[White "Sharshenbekov, Emir"]
[Black "Chirila, Ioan-Cristian"]
[Result "0-1"]
[WhiteTitle "CM"]
[BlackTitle "GM"]
[WhiteElo "2078"]
[BlackElo "2530"]
[WhiteFideId "13810634"]
[BlackFideId "1211668"]
[EventDate "26.12.2024"]

1. e4 c5 2. Nc3 Nc6 3. g3 g6 4. d3 Bg7 5. Be3 d6 6. Bg2 Nf6 7. h3 O-O 8. Qd2 Nd4
9. Nce2 e5 10. c3 Nc6 11. f4 Re8 12. fxe5 Nxe5 13. Nf3 b6 14. O-O-O Nxf3 15.
Bxf3 Bb7 16. c4 b5 17. cxb5 a6 18. b6 d5 19. exd5 Qxb6 20. Nc3 Rad8 21. d4 Bxd5
22. Bxd5 Nxd5 23. dxc5 Qb7 24. Nxd5 Rxd5 25. Qf2 Rxe3 26. Rhf1 Rxc5+ 27. Kb1 Re8
28. Rfe1 Rcc8 0-1

[Event "Mondiale Semilampo FIDE 2024"]
[Site "New York"]
[Date "26.12.2024"]
[Round "2.77"]
[White "Amar, Elham"]
[Black "Schnaider, Ilan"]
[Result "1-0"]
[WhiteTitle "GM"]
[BlackTitle "IM"]
[WhiteElo "2534"]
[BlackElo "2392"]
[WhiteFideId "1533533"]
[BlackFideId "169013"]
[EventDate "26.12.2024"]

1. e4 e5 2. Nf3 Nc6 3. Bb5 a6 4. Ba4 Bc5 5. O-O Nge7 6. c3 Ba7 7. d4 Ng6 8. Bg5
f6 9. Be3 O-O 10. d5 Nce7 11. Bxa7 Rxa7 12. d6 cxd6 13. Qxd6 b5 14. Bb3+ Kh8 15.
a4 Rb7 16. axb5 Rb6 17. Qd1 axb5 18. Nbd2 Bb7 19. c4 bxc4 20. Nxc4 Rxb3 21. Qxb3
Bxe4 22. Nfd2 Bd5 23. Qb6 Qc8 24. Ne3 Bc6 25. b4 Nf4 26. f3 Ne2+ 27. Kh1 Nd4 28.
Rfc1 Qe8 29. Qc5 Ng6 30. Nd5 Qe6 31. Nc7 Qf5 32. b5 Bb7 33. Qa7 Nf4 34. Qxb7 Qg6
35. g3 Nfe2 36. Nf1 Nxc1 37. Rxc1 Qd3 38. Qe4 Qb3 39. Rb1 Qa2 40. Rd1 f5 41.
Qxe5 Nxf3 42. Qe3 Qc2 43. Qxf3 Qxc7 44. Rb1 Qc2 45. Rb3 Rb8 46. b6 h6 47. b7 Qc4
48. Rc3 Qa6 49. Rc7 Rf8 50. Rxd7 f4 51. gxf4 Qc4 52. Qg2 Qc3 53. f5 Qe5 54. h3
Rb8 55. Ng3 Qe1+ 56. Kh2 Qe5 57. Qc2 h5 58. f6 Qxf6 59. Qc8+ Kh7 60. Qxb8 Qf2+
61. Kh1 Qf3+ 62. Kg1 Qe3+ 63. Kg2 h4 64. Rxg7+ 1-0

[Event "Mondiale Semilampo FIDE 2024"]
[Site "New York"]
[Date "26.12.2024"]
[Round "2.78"]
[White "Degenbaev, Aziz"]
[Black "Le, Tuan Minh"]
[Result "0-1"]
[WhiteTitle "FM"]
[BlackTitle "GM"]
[WhiteElo "2260"]
[BlackElo "2598"]
[WhiteFideId "13802640"]
[BlackFideId "12401153"]
[EventDate "26.12.2024"]

1. e4 e5 2. Nf3 Nc6 3. Bb5 a6 4. Ba4 Bc5 5. c3 Nge7 6. d4 exd4 7. cxd4 Bb4+ 8.
Nc3 d5 9. exd5 Nxd5 10. O-O Bxc3 11. bxc3 O-O 12. Bc2 Bg4 13. Qd3 g6 14. h3 Bf5
15. Qd2 Bxc2 16. Qxc2 b5 17. a4 Qd7 18. Bd2 Rab8 19. axb5 axb5 20. Qe4 f6 21.
Rfb1 Rfe8 22. Qd3 Nce7 23. c4 bxc4 24. Qxc4 Rxb1+ 25. Rxb1 Kg7 26. Re1 Rd8 27.
Qc5 Qd6 28. Bf4 Qxc5 29. dxc5 Kf7 30. Bg3 Nc6 31. Rd1 g5 32. Ne1 f5 33. Nf3 Kf6
34. Re1 f4 35. Bh2 h6 36. g3 Ra8 37. gxf4 gxf4 38. Nd2 Kf5 39. Nf3 Ra3 40. Kg2
Ra2 41. Nh4+ Kg5 42. Nf3+ Kf6 43. h4 Rc2 44. Re8 Rxc5 45. Nd2 Rc2 46. Ne4+ Kf5
47. h5 Ne5 48. Ng3+ fxg3 49. Bxg3 Nf4+ 50. Bxf4 Kxf4 51. Re6 Ng4 0-1

[Event "Mondiale Semilampo FIDE 2024"]
[Site "New York"]
[Date "26.12.2024"]
[Round "2.79"]
[White "Brodsky, David"]
[Black "Larrea, Manuel"]
[Result "1-0"]
[WhiteTitle "GM"]
[BlackTitle "FM"]
[WhiteElo "2538"]
[BlackElo "2259"]
[WhiteFideId "2073250"]
[BlackFideId "3000508"]
[EventDate "26.12.2024"]

1. e4 c5 2. Nf3 Nc6 3. d4 cxd4 4. Nxd4 Nf6 5. Nc3 d6 6. Bg5 e6 7. Qd2 a6 8.
O-O-O Bd7 9. Kb1 Be7 10. Nxc6 Bxc6 11. f3 b5 12. h4 h6 13. Be3 h5 14. Bd3 d5 15.
e5 Nd7 16. f4 g6 17. Ne2 Nc5 18. Nd4 Qc7 19. Qf2 b4 20. f5 gxf5 21. Nxf5 Nxd3
22. Ng7+ Kd7 23. cxd3 Raf8 24. Bg5 Bxg5 25. hxg5 Qxe5 26. Nxh5 Kd6 27. Rc1 d4
28. Rhe1 Qxg5 29. Qxd4+ Qd5 30. Qxb4+ Kc7 31. Rxc6+ Qxc6 32. Rc1 1-0

[Event "Mondiale Semilampo FIDE 2024"]
[Site "New York"]
[Date "26.12.2024"]
[Round "2.80"]
[White "George, Kevin"]
[Black "Khanin, Semen"]
[Result "1/2-1/2"]
[WhiteTitle "IM"]
[BlackTitle "GM"]
[WhiteElo "2270"]
[BlackElo "2568"]
[WhiteFideId "10669515"]
[BlackFideId "4111990"]
[EventDate "26.12.2024"]

1. e4 e5 2. Nf3 Nc6 3. Bc4 Nf6 4. Ng5 d5 5. exd5 Na5 6. Bb5+ c6 7. dxc6 bxc6 8.
Bd3 Nd5 9. Nf3 Bd6 10. O-O O-O 11. Re1 Re8 12. Nc3 f5 13. Bf1 e4 14. Nxd5 cxd5
15. Nd4 Qf6 16. c3 Bd7 17. d3 Rad8 18. b4 Nc6 19. dxe4 Nxd4 20. Qxd4 Qxd4 21.
cxd4 Bxb4 22. Rd1 Ba4 23. Bg5 Bxd1 24. Bxd8 Ba4 25. Bc7 fxe4 26. Rb1 a5 27. a3
Bc3 28. Be5 Kf7 29. Rc1 Bd2 30. Rc5 Bb3 31. Bb5 Rxe5 32. dxe5 Ke6 33. Kf1 Kxe5
34. Ke2 Bh6 35. a4 Kd6 36. Rc6+ Ke5 37. f3 e3 1/2-1/2

[Event "Mondiale Semilampo FIDE 2024"]
[Site "New York"]
[Date "26.12.2024"]
[Round "2.81"]
[White "Benjamin, Joel"]
[Black "Grahn, Vidar"]
[Result "1/2-1/2"]
[WhiteTitle "GM"]
[BlackTitle "FM"]
[WhiteElo "2473"]
[BlackElo "2263"]
[WhiteFideId "2000091"]
[BlackFideId "1744780"]
[EventDate "26.12.2024"]

1. Nf3 d5 2. g3 g6 3. c4 c6 4. Bg2 Bg7 5. O-O e5 6. cxd5 cxd5 7. d3 Ne7 8. Nc3
O-O 9. Bd2 Nbc6 10. Rc1 h6 11. a3 Be6 12. b4 a6 13. Na4 e4 14. Ne1 f5 15. Nc5
Bc8 16. Nc2 b6 17. Nb3 Be6 18. Ne3 Bf7 19. dxe4 dxe4 20. Qc2 Rc8 21. Qb1 Ne5 22.
Rxc8 Qxc8 23. Rc1 Qd7 24. Bc3 Rc8 25. Qb2 Nc4 26. Nxc4 Bxc3 27. Rxc3 Qd1+ 28.
Bf1 Rxc4 29. Nd2 Rxc3 30. Qxc3 Nd5 31. Qc8+ Kg7 32. Nc4 Nc3 33. e3 f4 34. exf4
e3 35. Nxe3 Ne2+ 36. Kg2 Bd5+ 37. Nxd5 Qxd5+ 38. f3 Qd2 39. Qc7+ Kf8 40. Qb8+
Kf7 41. Qa7+ Kf8 42. Qa8+ Kf7 43. Qb7+ Kf8 44. Bxe2 Qxe2+ 45. Kh3 Qe6+ 46. g4
Qe2 47. Qc8+ Kf7 48. Qd7+ Kg8 49. Qd5+ Kf8 50. Qd6+ Kf7 51. Qd5+ Kf8 52. f5 Qf1+
53. Kg3 Qg1+ 54. Kf4 Qxh2+ 55. Ke3 Qg1+ 56. Ke2 Qg2+ 57. Kd1 Qf1+ 58. Kc2 Qe2+
59. Kb3 Qe3+ 60. Ka4 b5+ 61. Ka5 Qxa3+ 62. Kb6 Qxb4 63. Qd8+ Kf7 64. Qd5+ Kf8
65. Qd8+ Kf7 66. Qd5+ Kf8 67. Qd8+ 1/2-1/2

[Event "Mondiale Semilampo FIDE 2024"]
[Site "New York"]
[Date "26.12.2024"]
[Round "2.82"]
[White "Banh Gia Huy"]
[Black "Dragnev, Valentin"]
[Result "1-0"]
[WhiteTitle "IM"]
[BlackTitle "GM"]
[WhiteElo "2422"]
[BlackElo "2563"]
[WhiteFideId "12424714"]
[BlackFideId "1634852"]
[EventDate "26.12.2024"]

1. d4 d5 2. Nf3 e6 3. Bf4 Bd6 4. e3 Ne7 5. Bxd6 Qxd6 6. c4 b6 7. Nc3 Bb7 8. Rc1
a6 9. Be2 Nd7 10. O-O Nf6 11. c5 bxc5 12. dxc5 Qd8 13. b4 O-O 14. a4 Nd7 15. Nd4
a5 16. Ncb5 Ne5 17. Qb3 axb4 18. Qxb4 N5c6 19. Qb3 e5 20. Nf3 Qd7 21. Rfd1 Rfd8
22. Nc3 Rab8 23. Qa3 Qe6 24. Nb5 Rdc8 25. Rb1 h6 26. h3 Ng6 27. Rb2 Ra8 28. Nc3
Na5 29. Rdb1 Bc6 30. Rd2 Nc4 31. Bxc4 dxc4 32. Ne1 Nh4 33. e4 f5 34. f3 Rf8 35.
Re2 Ng6 36. exf5 Rxf5 37. Qa2 Nf4 38. Rf2 Rg5 39. Kf1 Rf8 40. Ne4 Bxe4 41. fxe4
Rg6 42. a5 Rgf6 43. a6 Nxh3 44. Rxf6 Qxf6+ 45. Nf3 Ng5 46. a7 Nxf3 47. a8=Q Nd2+
48. Ke2 Qf2+ 49. Kd1 Rxa8 50. Qxa8+ Kh7 51. Rb8 Qd4 52. Rd8 Qe3 53. Rxd2 c3 54.
Rd8 Kg6 55. Qd5 Qf2 56. Qe6+ 1-0